=LDR 00000nam 2200000 4500 =001 NUTBA000000000003854 =005 20251107102156 =035 ##$$a 0010-081400000000699 =008 251107###########################0#ind## =020 ##$$a 978-602-8123-37-2 =040 ##$$a NBPDMAT =082 ##$$a 530 =084 ##$$a 530 DIA c =100 ##$$a Dian Malini Oktavinia =245 1#$$a Cakrawala Sains Serba serbi energi /$c Dian Malini Oktavinia; editor, Triyani =260 ##$$a Jakarta :$b Nobel Edumedia,$c 2008 =300 ##$$a vi, 52 hlm. : $b ilus. ; $c 25 cm. =650 #4$$a energi =990 ##$$a 21408402 =990 ##$$a 21408403 =990 ##$$a 21408404 =990 ##$$a 21408405 =990 ##$$a 21408406 =990 ##$$a 1201431211 =990 ##$$a 21423380 =990 ##$$a 21408402 =990 ##$$a 21408403 =990 ##$$a 21408404 =990 ##$$a 21408405 =990 ##$$a 21408406